Wood preservatives : determination of the preventive action against recently hatched larvae of Hylotrupes bajalus (Linnaeus) (laboratory method)
Saved in:
| Corporate Authors: | , |
|---|---|
| Format: | Book |
| Language: | English |
| Published: |
London :
British Standards Institution,
1977..
|
| Series: | European standard ;
EN 46. British standard 1977 ; 5434: |
| Subjects: |
| LEADER | 01114nam a2200265 a 4500 | ||
|---|---|---|---|
| 001 | c000172262 | ||
| 003 | CARM | ||
| 005 | 20030409203849.0 | ||
| 008 | 880704s1977 enk 000 0 eng d | ||
| 019 | 1 | |a 24546873 |5 LACONCORD2021 | |
| 020 | |a 0580092399 | ||
| 035 | |a (OCoLC)18169646 |5 LACONCORD2021 | ||
| 040 | |a EQF |b eng |c EQF |d VU | ||
| 110 | 2 | |a British Standards Institution. | |
| 245 | 1 | 0 | |a Wood preservatives : |b determination of the preventive action against recently hatched larvae of Hylotrupes bajalus (Linnaeus) (laboratory method) |
| 260 | |a London : |b British Standards Institution, |c 1977.. | ||
| 300 | |a 9 p. : |b ill. ; |c 30 cm. | ||
| 440 | 0 | |a European standard ; |v EN 46. | |
| 440 | 0 | |a British standard |p 1977 ; |v 5434: | |
| 500 | |a Contains Amendment slip no. 1 (AMD 2998), 1979. | ||
| 650 | 0 | |a Wood preservatives. | |
| 710 | 2 | |a European Committee for Standardization. | |
| 852 | 8 | |b CARM |h A3:AB06C0 |i D06591 |p 0226140 |f BK | |
| 999 | f | f | |i 05c6d2fb-f984-56ce-9a9c-df07c71c9ce3 |s d2a324aa-58af-5533-9187-d37677fca8c7 |
| 952 | f | f | |p Can circulate |a CAVAL |b CAVAL |c CAVAL |d CARM 1 Store |e D06591 |f A3:AB06C0 |h Other scheme |i book |m 0226140 |